| 000 | 00674nam a2200217 a 4500 | ||
|---|---|---|---|
| 001 | 19484 | ||
| 003 | CO-ViMGA | ||
| 008 | 141112s2004 ck r 000 u spa d | ||
| 020 | _a9580483612 | ||
| 040 |
_aCO-ViMGA _bspa _cCO-ViMGA |
||
| 082 | _a784.4986 R426 | ||
| 100 | 1 |
_aRico Salazar, Jaime _96497 |
|
| 245 | 1 | 0 |
_aLa Canción Colombiana : _bsu historia, sus compositores, sus mejores interpretes y sus canciones |
| 260 |
_aBogotá : _bNorma; 2004 |
||
| 300 | _a820 p. il. | ||
| 590 | _aForma de adquisición : Premio Mincultura | ||
| 650 | 1 | 4 |
_aCANCIONES COLOMBIANAS _91955 |
| 650 | 1 | 4 |
_aCOMPOSITORES COLOMBIANOS _96498 |
| 650 | 1 | 4 | _aMUSICA COLOMBIANA |
| 942 |
_2ddc _cBK |
||
| 999 |
_c11572 _d11572 |
||